| 000 | 00547nam a2200193Ia 4500 | ||
|---|---|---|---|
| 008 | 220216s9999 xx 000 0 und d | ||
| 100 | _aRodrigo V H L | ||
| 245 | 0 | _aSome approaches to reduce tediousness in growth analysis of rubber and banana | |
| 260 |
_bTropical Agricultural Research and Extension _c1999 |
||
| 300 | _a129-131 | ||
| 500 | _aSource Year: 2006 | ||
| 650 | _aBanana | ||
| 650 | _aGrowth analysis | ||
| 700 | _aKariawasam L S | ||
| 700 | _aSamarasekera R K | ||
| 700 | _aStirling C M | ||
| 856 | _uCAB CD | ||
| 942 | _cJS | ||
| 999 |
_c68914 _d68914 |
||